000 00614nam a2200253Ia 4500
005 20260121161111.0
008 008 260114s9999 xx 000 0 eng d
020 _a9781003067474
037 _aEBOOK
040 _aCRL
040 _beng
040 _cCRL
041 _2eng
041 _aeng
084 _qCRL
100 _a Douglas B. Young; Willem Van Eden
_91040208
245 0 _aStress Proteins in Medicine
260 _bTaylor and Francis
260 _c1995
856 _uhttp://www.taylorfrancis.com/books/9781003067474
942 _cEBOOK
999 _c1607024
_d1607024